000 00600nam a2200217Ia 4500
005 20250508162318.0
008 008 250505s9999 xx 000 0 eng d
037 _aTextBook
040 _aFEDL
_beng
_cFEDL
041 _aeng
_2eng
084 _a153.9, GUI
_qFEDL
100 _aGuilford J P
245 0 _aNature of human intelligence
260 _aNew York, USA
_bMcGraw-Hill
_c1967
300 _a538p
365 _aINR
_b178.5
490 _aMcGraw-Hill series in psychology
650 _aIntelligence-Psychology
_9757680
942 _cTB
_h153.9, GUI
999 _c1375769
_d1375769